[Event "BL 2324 (Women)"]
[Site "Germany"]
[Date "2023.10.14"]
[Round "1.6"]
[White "Rommeck, Christiane"]
[Black "Rogozenco, Teodora Nana"]
[Result "0-1"]
[WhiteElo "1558"]
[BlackElo "1964"]
[PlyCount "82"]
[EventDate "2023.10.14"]
[EventType "team-tourn"]
[EventRounds "11"]
[EventCountry "GER"]
[SourceTitle "CB48_2023"]
[SourceDate "2023.11.29"]
[SourceVersion "1"]
[SourceVersionDate "2023.11.29"]
[SourceQuality "1"]
[WhiteTeam "Kiel Doppelbauer (W)"]
[BlackTeam "Hamburger SK (W)"]
[WhiteTeamCountry "GER"]
[BlackTeamCountry "GER"]

1. c4 e6 2. Nc3 Nf6 3. a3 c5 4. g3 d5 5. Bg2 Nc6 6. cxd5 exd5 7. e3 d4 8. Nce2 Be7 9. Nf3 dxe3 10. fxe3 c4 11. 0-0 0-0 12. b3 cxb3 13. Qxb3 Na5 14. Qc2 Be6 15. d4 Nb3 16. Rb1 Nxc1 17. Qxc1 Rc8 18. Qb2 Nd5 19. e4 Ne3 20. Rfc1 Nxg2 21. Kxg2 b6 22. d5 Rxc1 23. Rxc1 Bc8 24. Nf4 Bc5 25. Rd1 Re8 26. e5 Bb7 27. Rd3 Kf8 28. Qb3 g5 29. Nh5 g4 30. Nh4 Rxe5 31. Nf4 Be7 32. Qd1 h5 33. Qf1 Kg8 34. Qa1 Bf6 35. Qd1 Qe8 36. Kf2 Bxh4 37. gxh4 Rf5 38. Kg3 Qe5 39. Qd2 Qd6 40. Rd4 Qxa3+ 41. Rd3 Qd6 0-1

[Event "BL2 West 1819 (Women)"]
[Site "Germany"]
[Date "2019.01.13"]
[Round "7.6"]
[White "Koenig, Emmilie"]
[Black "Rommeck, Christiane"]
[Result "1/2-1/2"]
[WhiteElo "1495"]
[BlackElo "1613"]
[PlyCount "47"]
[EventDate "2018.10.27"]
[EventType "team-tourn"]
[EventRounds "7"]
[EventCountry "GER"]
[SourceTitle "CBM 190 Extra"]
[Source "ChessBase"]
[SourceDate "2019.07.15"]
[SourceVersion "1"]
[SourceVersionDate "2019.07.15"]
[SourceQuality "1"]
[WhiteTeam "Delmenhorst (W)"]
[BlackTeam "Kiel Doppelbauer (W)"]
[WhiteTeamCountry "GER"]
[BlackTeamCountry "GER"]

1. d4 Nf6 2. Nf3 e6 3. c3 c5 4. Bf4 Nc6 5. e3 d5 6. Nbd2 cxd4 7. exd4 Bd6 8. Ne5 0-0 9. Bd3 Qc7 10. Ndf3 Ng4 11. h3 Ngxe5 12. Nxe5 Nxe5 13. dxe5 Be7 14. Qg4 g6 15. h4 h5 16. Qg3 Kh7 17. Bg5 b6 18. Bxe7 Qxe7 19. Qg5 Qc5 20. Qxh5+ Kg7 21. Qf3 Qe7 22. h5 Rh8 23. g4 Bb7 24. Rg1 1/2-1/2

[Event "BL2 West 1819 (Women)"]
[Site "Germany"]
[Date "2018.12.09"]
[Round "5.5"]
[White "Braeutigam, Katerina"]
[Black "Rommeck, Christiane"]
[Result "1-0"]
[WhiteElo "1546"]
[BlackElo "1613"]
[PlyCount "61"]
[EventDate "2018.10.27"]
[EventType "team-tourn"]
[EventRounds "7"]
[EventCountry "GER"]
[SourceTitle "CBM 190 Extra"]
[Source "ChessBase"]
[SourceDate "2019.07.15"]
[SourceVersion "1"]
[SourceVersionDate "2019.07.15"]
[SourceQuality "1"]
[WhiteTeam "Luebeck (W)"]
[BlackTeam "Kiel Doppelbauer (W)"]
[WhiteTeamCountry "GER"]
[BlackTeamCountry "GER"]

1. c4 Nf6 2. g3 d5 3. cxd5 Qxd5 4. Nf3 b6 5. Bg2 Bb7 6. Nh4 Ne4 7. d3 Qa5+ 8. Bd2 Nxd2 9. Bxb7 Nxb1+ 10. Kf1 Nd2+ 11. Kg1 g5 12. Ng2 Bg7 13. Rc1 Bxb2 14. Rc2 Bc3 15. Qc1 Bb4 16. a3 Bxa3 17. Qxd2 Bb4 18. Qd1 Na6 19. Bxa8 0-0 20. Bf3 Bd6 21. Ne3 Nb4 22. Rc1 b5 23. Nf5 Na2 24. Ra1 b4 25. Nxd6 cxd6 26. Qd2 Qb5 27. Qxa2 b3 28. Qxa7 b2 29. Rb1 Rc8 30. Kg2 Kf8 31. Qb7 1-0

[Event "Kiel op 30th"]
[Site "Kiel"]
[Date "2017.07.29"]
[Round "2"]
[White "Rommeck, Christiane"]
[Black "Van Foreest, Machteld"]
[Result "1/2-1/2"]
[WhiteElo "1616"]
[BlackElo "1798"]
[PlyCount "118"]
[EventDate "2017.07.29"]
[EventType "swiss"]
[EventRounds "9"]
[EventCountry "GER"]
[SourceTitle "EXT 2018"]
[Source "ChessBase"]
[SourceDate "2017.10.13"]
[SourceVersion "1"]
[SourceVersionDate "2017.10.13"]
[SourceQuality "1"]

1. e4 c5 2. Nf3 e6 3. d4 cxd4 4. Nxd4 Nc6 5. Bb5 Bc5 6. Bxc6 bxc6 7. 0-0 Qb6 8. Nb3 d5 9. Nxc5 Qxc5 10. Be3 Qe7 11. e5 Ba6 12. Re1 Qb4 13. Qc1 Ne7 14. Nd2 Nf5 15. a3 Qg4 16. Nf3 0-0 17. Bc5 Rfd8 18. Qd2 Qc4 19. b4 Bb7 20. Qd3 Ba6 21. Qxc4 Bxc4 22. c3 Rd7 23. Nd4 Nxd4 24. cxd4 Re8 25. Re3 f6 26. exf6 gxf6 27. Rae1 Kf7 28. Rh3 Kg7 29. Ree3 Ba2 30. Reg3+ Kh8 31. f4 Bb1 32. Rh6 Rf7 33. Kf2 e5 34. fxe5 fxe5+ 35. Ke3 exd4+ 36. Kxd4 Rf4+ 37. Kc3 Rc4+ 38. Kb2 Bf5 39. Be3 d4 40. Bg5 Bg6 41. Kb3 Rc3+ 42. Rxc3 dxc3 43. Kxc3 Re2 44. g3 Kg7 45. Rh4 Bf7 46. Bd2 Re5 47. Bh6+ Kg6 48. Bf4 Rh5 49. Rxh5 Kxh5 50. Kd4 Kg4 51. h4 Kf5 52. Kc5 Bd5 53. b5 Ke6 54. bxc6 Bf3 55. Bb8 a5 56. a4 h5 57. Kb5 Ke7 58. Kxa5 Bxc6 59. Kb6 Bxa4 1/2-1/2

[Event "GER-chT Federal Cup (Women)"]
[Site "Braunfels"]
[Date "2017.06.15"]
[Round "1.5"]
[White "Rommeck, Christiane"]
[Black "Lobzhanidze, Anna Luise"]
[Result "0-1"]
[WhiteElo "1608"]
[BlackElo "1979"]
[PlyCount "38"]
[EventDate "2017.06.15"]
[EventType "team-swiss"]
[EventRounds "5"]
[EventCountry "GER"]
[SourceTitle "CBM 179 Extra"]
[Source "ChessBase"]
[SourceDate "2017.08.23"]
[SourceVersion "1"]
[SourceVersionDate "2017.08.23"]
[SourceQuality "1"]
[WhiteTeam "Schleswig Holstein (W)"]
[BlackTeam "Hessen (W)"]
[WhiteTeamCountry "GER"]
[BlackTeamCountry "GER"]

1. e4 e5 2. Nf3 Nc6 3. d4 exd4 4. Nxd4 Bc5 5. Be3 Qf6 6. c3 Nge7 7. Bc4 Ne5 8. Bb3 Qg6 9. 0-0 d5 10. Bf4 Bh3 11. Bg3 h5 12. Nf3 Nxf3+ 13. Qxf3 Bg4 14. Qd3 0-0-0 15. Qb5 Bb6 16. exd5 h4 17. Bf4 Bh3 18. g3 hxg3 19. Bxg3 Qe4 0-1

[Event "Kiel op-A 29th"]
[Site "Kiel"]
[Date "2016.08.05"]
[Round "9"]
[White "Rommeck, Christiane"]
[Black "Millgramm, Stephan"]
[Result "0-1"]
[WhiteElo "1558"]
[BlackElo "1800"]
[PlyCount "60"]
[EventDate "2016.07.30"]
[EventType "swiss"]
[EventRounds "9"]
[EventCountry "GER"]
[SourceTitle "EXT 2017"]
[Source "ChessBase"]
[SourceDate "2016.10.25"]
[SourceVersion "1"]
[SourceVersionDate "2016.10.25"]
[SourceQuality "1"]

1. e4 e6 2. d4 d5 3. exd5 exd5 4. Nf3 Nf6 5. Bd3 Be7 6. 0-0 0-0 7. Nc3 Bg4 8. Re1 Nc6 9. Be2 Re8 10. Ne5 Bxe2 11. Rxe2 Bd6 12. Bf4 Re6 13. Nb5 Qe8 14. Qd3 a6 15. Nc3 Nxe5 16. dxe5 Bxe5 17. Bxe5 Rxe5 18. Rae1 Rxe2 19. Rxe2 Qd7 20. Rd2 Re8 21. h3 c6 22. Ne2 Ne4 23. Rd1 Qe6 24. Nd4 Qf6 25. f3 Nd6 26. b3 Qe5 27. c3 Qe3+ 28. Qxe3 Rxe3 29. Kf2 Rxc3 30. Re1 Kf8 0-1

[Event "Kiel op-A 29th"]
[Site "Kiel"]
[Date "2016.08.04"]
[Round "8"]
[White "Keyser, Robin"]
[Black "Rommeck, Christiane"]
[Result "1/2-1/2"]
[WhiteElo "1925"]
[BlackElo "1558"]
[PlyCount "97"]
[EventDate "2016.07.30"]
[EventType "swiss"]
[EventRounds "9"]
[EventCountry "GER"]
[SourceTitle "EXT 2017"]
[Source "ChessBase"]
[SourceDate "2016.10.25"]
[SourceVersion "1"]
[SourceVersionDate "2016.10.25"]
[SourceQuality "1"]

1. d4 Nf6 2. c4 d5 3. cxd5 Nxd5 4. e4 Nf6 5. Nc3 e6 6. Nf3 Nc6 7. Bb5 Bd7 8. 0-0 Be7 9. Qe2 0-0 10. Bd3 Nb4 11. Bb1 c5 12. a3 cxd4 13. Nxd4 Nc6 14. Nf3 e5 15. Rd1 Qb8 16. h3 Be6 17. Ng5 Nd4 18. Qd3 Bb3 19. Re1 Rd8 20. Nd5 Qd6 21. Be3 h6 22. Bxd4 Bxd5 23. exd5 hxg5 24. Rxe5 Rac8 25. Ba2 Nd7 26. Re2 Nc5 27. Qe3 Rd7 28. Rc1 Rdc7 29. Rxc5 Rxc5 30. Bxc5 Rxc5 31. Qxe7 Rc1+ 32. Re1 Qxe7 33. Rxc1 Qd7 34. Rd1 Kf8 35. d6 Ke8 36. Bd5 Kd8 37. Bf3 b6 38. Re1 f5 39. Bh5 Qa4 40. d7 g4 41. Be8 Qc4 42. hxg4 fxg4 43. g3 a5 44. b4 a4 45. Kh2 Qc3 46. Re3 Qc2 47. Kg2 Qc6+ 48. Kh2 b5 49. Re5 1/2-1/2

[Event "Kiel op-A 29th"]
[Site "Kiel"]
[Date "2016.08.02"]
[Round "6"]
[White "Rommeck, Christiane"]
[Black "Schramm, Daniel"]
[Result "0-1"]
[WhiteElo "1558"]
[BlackElo "1988"]
[PlyCount "34"]
[EventDate "2016.07.30"]
[EventType "swiss"]
[EventRounds "9"]
[EventCountry "GER"]
[SourceTitle "CBM 173 Extra"]
[Source "ChessBase"]
[SourceDate "2016.08.29"]
[SourceVersion "1"]
[SourceVersionDate "2016.08.29"]
[SourceQuality "1"]

1. e4 g6 2. d4 Bg7 3. c3 d5 4. e5 c5 5. Be3 Nc6 6. Nf3 Bg4 7. Be2 e6 8. h3 Bxf3 9. Bxf3 Nge7 10. 0-0 0-0 11. Qc1 Rc8 12. Qd1 Nf5 13. Na3 Qb6 14. b3 cxd4 15. cxd4 Ncxd4 16. Bf4 Qb4 17. Nb1 Nc2 0-1

[Event "Kiel op-A 29th"]
[Site "Kiel"]
[Date "2016.07.30"]
[Round "1"]
[White "Benzen, Marthe"]
[Black "Rommeck, Christiane"]
[Result "1-0"]
[WhiteElo "2043"]
[BlackElo "1558"]
[PlyCount "71"]
[EventDate "2016.07.30"]
[EventType "swiss"]
[EventRounds "9"]
[EventCountry "GER"]
[SourceTitle "CBM 173 Extra"]
[Source "ChessBase"]
[SourceDate "2016.08.29"]
[SourceVersion "1"]
[SourceVersionDate "2016.08.29"]
[SourceQuality "1"]

1. e4 d5 2. exd5 Qxd5 3. Nc3 Qd6 4. d4 Nf6 5. h3 a6 6. Nf3 Bf5 7. Bc4 Nc6 8. 0-0 0-0-0 9. Be3 e6 10. a3 Qd7 11. b4 Bd6 12. b5 Na5 13. Be2 axb5 14. Nxb5 Nd5 15. Bd2 Nc6 16. Qc1 g5 17. Nxg5 f6 18. c4 Qg7 19. cxd5 exd5 20. Nxd6+ Rxd6 21. Nf3 Bxh3 22. g3 h5 23. Rd1 h4 24. Bf4 Re6 25. Qc2 hxg3 26. fxg3 f5 27. Rac1 Re4 28. Kf2 Rhe8 29. Be5 Qh6 30. Qd2 f4 31. gxf4 Nxe5 32. fxe5 Qh5 33. Qa5 Qf7 34. Qa8+ Kd7 35. Bb5+ Ke7 36. Rxc7+ 1-0

[Event "BL 1516 (Women)"]
[Site "Germany"]
[Date "2015.12.05"]
[Round "3.6"]
[White "Rommeck, Christiane"]
[Black "Schulze, Dorothee"]
[Result "0-1"]
[WhiteElo "1593"]
[BlackElo "1981"]
[PlyCount "58"]
[EventDate "2015.09.26"]
[EventType "team-tourn"]
[EventRounds "11"]
[EventCountry "GER"]
[SourceTitle "CBM 170 Extra"]
[Source "ChessBase"]
[SourceDate "2016.02.25"]
[SourceVersion "1"]
[SourceVersionDate "2016.02.25"]
[SourceQuality "1"]
[WhiteTeam "Kiel Doppelbauer (W)"]
[BlackTeam "Lehrte (W)"]
[WhiteTeamCountry "GER"]
[BlackTeamCountry "GER"]

1. e4 c5 2. Nf3 Nc6 3. d4 cxd4 4. Nxd4 Nf6 5. Nc3 g6 6. Bc4 Bg7 7. 0-0 0-0 8. Bb3 d6 9. Re1 Bd7 10. Nxc6 Bxc6 11. Nd5 a5 12. Nxf6+ Bxf6 13. c3 Qc7 14. Bh6 Rfc8 15. Rc1 a4 16. Bd5 Qb6 17. Bxc6 Rxc6 18. Re2 a3 19. b3 Bxc3 20. Rec2 Rac8 21. Be3 Qb5 22. Bh6 Qb4 23. Qd3 Be5 24. g3 Rxc2 25. Rxc2 Rxc2 26. Qxc2 Qc3 27. Qe2 Bg7 28. Bxg7 Kxg7 29. Kg2 Qb2 0-1

[Event "GER-chT Federal Cup (Women)"]
[Site "Braunfels"]
[Date "2015.06.04"]
[Round "1.8"]
[White "Rommeck, Christiane"]
[Black "Metzner, Anita"]
[Result "1/2-1/2"]
[WhiteElo "1437"]
[BlackElo "1558"]
[PlyCount "37"]
[EventDate "2015.06.04"]
[EventType "team-swiss"]
[EventRounds "5"]
[EventCountry "GER"]
[SourceTitle "CBM 167 Extra"]
[Source "ChessBase"]
[SourceDate "2015.09.14"]
[SourceVersion "1"]
[SourceVersionDate "2015.09.14"]
[SourceQuality "1"]
[WhiteTeam "Schleswig Holstein (W)"]
[BlackTeam "Bayern (W)"]
[WhiteTeamCountry "GER"]
[BlackTeamCountry "GER"]

1. e4 c6 2. d4 d5 3. Nc3 dxe4 4. Nxe4 Bf5 5. Ng3 Bg6 6. Nf3 e6 7. Bf4 Nd7 8. Be2 Ngf6 9. 0-0 Nd5 10. Bd2 Bd6 11. Re1 0-0 12. Nf1 c5 13. c4 Nf4 14. Bc3 Nxe2+ 15. Rxe2 cxd4 16. Qxd4 Nf6 17. Rd2 Be7 18. Qe5 Qb8 19. Qxb8 1/2-1/2

[Event "Kiel op-B 27th"]
[Site "Kiel"]
[Date "2014.08.06"]
[Round "7"]
[White "Sowa, Kay"]
[Black "Rommeck, Christiane"]
[Result "1-0"]
[WhiteElo "1452"]
[BlackElo "1442"]
[PlyCount "41"]
[EventDate "2014.08.02"]
[EventType "swiss"]
[EventRounds "9"]
[EventCountry "GER"]
[SourceTitle "CBM 161 Extra"]
[Source "ChessBase"]
[SourceDate "2014.08.29"]
[SourceVersion "1"]
[SourceVersionDate "2014.08.29"]
[SourceQuality "1"]

1. e4 d6 2. d4 g6 3. Be3 Bg7 4. Nc3 Nd7 5. Bc4 e5 6. dxe5 Nxe5 7. Bb3 Ne7 8. f3 0-0 9. Qd2 Be6 10. Bh6 Nc4 11. Bxc4 Bxc4 12. Bxg7 Kxg7 13. Qd4+ Kg8 14. Qxc4 Nc6 15. h4 Qf6 16. 0-0-0 Ne5 17. Qe2 Qe6 18. g4 b5 19. Kb1 b4 20. Nd5 Qd7 21. Nf6+ 1-0

[Event "Kiel op-B 27th"]
[Site "Kiel"]
[Date "2014.08.04"]
[Round "5"]
[White "Schmieder, Kerstin"]
[Black "Rommeck, Christiane"]
[Result "0-1"]
[WhiteElo "1683"]
[BlackElo "1442"]
[PlyCount "72"]
[EventDate "2014.08.02"]
[EventType "swiss"]
[EventRounds "9"]
[EventCountry "GER"]
[SourceTitle "CBM 161 Extra"]
[Source "ChessBase"]
[SourceDate "2014.08.29"]
[SourceVersion "1"]
[SourceVersionDate "2014.08.29"]
[SourceQuality "1"]

1. d4 d6 2. e4 g6 3. Bf4 Bg7 4. Nf3 Bg4 5. Be2 Nd7 6. c3 Bxf3 7. Bxf3 e5 8. Be3 Ne7 9. 0-0 0-0 10. Nd2 h6 11. g3 f5 12. exf5 gxf5 13. Nb3 f4 14. Bd2 Qc8 15. Qe2 fxg3 16. fxg3 c6 17. Bg4 Qc7 18. Be6+ Kh8 19. Qh5 Nf6 20. Qh3 Neg8 21. Rf5 Rae8 22. dxe5 Rxe6 23. exf6 Rexf6 24. Rxf6 Rxf6 25. Be3 Qe7 26. Bg5 Qe6 27. Qh4 Rg6 28. Bf4 Nf6 29. Bd2 Ng4 30. Re1 Ne5 31. Nd4 Qd5 32. Rf1 c5 33. Qd8+ Kh7 34. Nb3 Nf3+ 35. Rxf3 Qxf3 36. Qxd6 Rxd6 0-1

[Event "Kiel op-B 27th"]
[Site "Kiel"]
[Date "2014.08.02"]
[Round "2"]
[White "Koch, Andreas Tigran"]
[Black "Rommeck, Christiane"]
[Result "0-1"]
[WhiteElo "1214"]
[BlackElo "1442"]
[PlyCount "58"]
[EventDate "2014.08.02"]
[EventType "swiss"]
[EventRounds "9"]
[EventCountry "GER"]
[SourceTitle "CBM 161 Extra"]
[Source "ChessBase"]
[SourceDate "2014.08.29"]
[SourceVersion "1"]
[SourceVersionDate "2014.08.29"]
[SourceQuality "1"]

1. e4 d6 2. Bc4 g6 3. Nf3 h6 4. 0-0 Bg7 5. d4 Nd7 6. Be3 e5 7. d5 Ne7 8. Nc3 0-0 9. Qd2 Kh7 10. Ne2 f5 11. exf5 Nxf5 12. Ng3 Nf6 13. Nxf5 gxf5 14. g3 Nh5 15. Be2 f4 16. gxf4 Nxf4 17. Bxf4 Rxf4 18. Bd3+ Kh8 19. Qe3 Bh3 20. Nxe5 Qg5+ 21. Qg3 Bxe5 22. Qxg5 hxg5 23. Rfe1 Raf8 24. Re3 Rg4+ 25. Kh1 Bg2+ 26. Kg1 Bxd5+ 27. Kf1 Rg2 28. Rh3+ Kg8 29. f3 Rxh2 0-1

[Event "Schleswig Holstein-chB U18"]
[Site "Neumuenster"]
[Date "2001.04.09"]
[Round "4"]
[White "Roensch, Kerstin"]
[Black "Rommeck, Christiane"]
[Result "1-0"]
[WhiteElo "1379"]
[BlackElo "1205"]
[PlyCount "37"]
[EventDate "2001.04.??"]
[EventType "swiss"]
[EventRounds "9"]
[EventCountry "GER"]
[SourceTitle "EXT 2003"]
[Source "ChessBase"]
[SourceDate "2002.11.25"]
[SourceVersion "1"]
[SourceVersionDate "2002.11.25"]
[SourceQuality "1"]

1. d4 d5 2. c4 Nc6 3. Nc3 dxc4 4. Nf3 Bg4 5. d5 Na5 6. e4 e6 7. Qa4+ c6 8. Ne5 Bh5 9. dxc6 bxc6 10. Nxc6 Nxc6 11. Qxc6+ Ke7 12. Qc5+ Ke8 13. Qxh5 Nf6 14. Qb5+ Nd7 15. Bxc4 Bd6 16. 0-0 Qh4 17. g3 Qf6 18. Rd1 Ke7 19. Bg5 1-0

[Event "Schleswig Holstein-chB U18"]
[Site "Neumuenster"]
[Date "2001.04.08"]
[Round "2"]
[White "Kaczenski, Mona Janine"]
[Black "Rommeck, Christiane"]
[Result "0-1"]
[WhiteElo "1100"]
[BlackElo "1205"]
[PlyCount "127"]
[EventDate "2001.04.??"]
[EventType "swiss"]
[EventRounds "9"]
[EventCountry "GER"]
[SourceTitle "EXT 2003"]
[Source "ChessBase"]
[SourceDate "2002.11.25"]
[SourceVersion "1"]
[SourceVersionDate "2002.11.25"]
[SourceQuality "1"]

1. e4 e5 2. Nf3 Nc6 3. Bc4 Nf6 4. Ng5 d5 5. exd5 Nxd5 6. d3 h6 7. Ne4 Be6 8. Bb5 Qd7 9. b3 a6 10. Bxc6 Qxc6 11. c4 Ne7 12. Ba3 0-0-0 13. f3 f5 14. Nc5 Ng6 15. Nxe6 Qxe6 16. 0-0 Nf4 17. Qc2 Rxd3 18. Bc1 Bc5+ 19. Kh1 Be3 20. g3 Bxc1 21. Rxc1 Rxf3 22. gxf4 Qc6 23. Kg1 Rxf4 24. h3 Qf3 25. Qg2 Qe3+ 26. Kh1 Qxc1+ 27. Kh2 Rd8 28. a4 g5 29. Ra2 Qxb1 30. Re2 Qxb3 31. Rb2 Qxa4 32. Qxb7+ Kd7 33. Qd5+ Ke7 34. Qxe5+ Kf7 35. Qxc7+ Ke8 36. Re2+ Re4 37. Rxe4+ fxe4 38. Qe5+ Kf7 39. Qf5+ Kg7 40. Qe5+ Kg6 41. Qxe4+ Kf6 42. Qf3+ Ke6 43. Qe4+ Kd7 44. Qb7+ Kd6 45. Qd5+ Kc7 46. Qe5+ Rd6 47. Qe7+ Qd7 48. Qe5 Kd8 49. Kg3 Rd3+ 50. Kf2 Qd4+ 51. Qxd4+ Rxd4 52. h4 Rxh4 53. c5 Rc4 54. Kf3 Ke7 55. c6 Kf6 56. c7 Kf5 57. c8Q+ Rxc8 58. Ke3 h5 59. Kf3 Rc3+ 60. Kg2 Kf4 61. Kf2 Rc2+ 62. Kf1 Ke3 63. Kg1 Kf3 64. Kh1 0-1